K zákonu a svědectví : úvahy o navazování na reformaci a o smyslu našeho církevního sjednocení /

Main Author: Souček, Josef Bohumil, 1902-1972
Language: Czech
Published: V Praze : Kalich, 1935
Series: Knihovna Stezka
Physical Description: 68 stran ; 17 cm
Book
Saved in:
LEADER 01444nam a2200421 i 4500
001 001808138
003 CZ BrMZK
005 20220425080137.0
007 ta
008 211206s1935 xr e 000 0 cze
015 |a cnb000708840 
020 |q (Brožováno) :  |c Kčs 5,00 
035 |a (OCoLC)85410614 
040 |a ABA001  |b cze  |d BOA001  |e rda 
072 7 |a 27  |x Křesťanství. Křesťanská církev všeobecně. Eklesiologie  |2 Konspekt  |9 5 
080 |a 27-9"14/15"  |2 MRF 
080 |a 275  |2 MRF 
080 |a 27-676  |2 MRF 
080 |a 27-675  |2 MRF 
080 |a (049)  |2 MRF 
100 1 |a Souček, Josef Bohumil,  |d 1902-1972  |7 jk01120469  |4 aut 
245 1 0 |a K zákonu a svědectví :  |b úvahy o navazování na reformaci a o smyslu našeho církevního sjednocení /  |c J.B. Souček 
264 1 |a V Praze :  |b Kalich,  |c 1935 
300 |a 68 stran ;  |c 17 cm 
336 |a text  |b txt  |2 rdacontent 
337 |a bez média  |b n  |2 rdamedia 
338 |a svazek  |b nc  |2 rdacarrier 
490 1 |a 2. svazek Knihovny Stezka 
650 0 7 |a reformace  |7 ph125063  |2 czenas 
650 0 7 |a reformované církve  |7 ph116026  |2 czenas 
650 0 7 |a jednota  |7 ph135772  |2 czenas 
650 0 7 |a ekumenismus  |7 ph119842  |2 czenas 
655 7 |a pojednání  |7 fd133056  |2 czenas 
830 0 |a Knihovna Stezka 
910 |a BOA001  |b 1-1476.888 
990 |a BK 
991 |b 202204 
996 6 |b 2610887830  |c 1-1476.888  |l MZK  |r Sklad / do 1 hodiny  |n 0  |p dar  |w 001871799  |u 000010  |a 1  |e BOA001  |j MZK50  |s P